Mobile Health – Attitudes for Using Mobile Applications Designed to Monitor Health. The Study of Consumer Behaviour of Seniors and Generation Y

Čiastkové výsledky výskumu zameraného na identifikáciu postojov k používaniu mobilných zariadení pri kontrole zdravotného stavu podľa generácií. Analýza ukazuje, že postoje k mobilnému zdraviu sú v generácii seniorov pomerne neutrálne až negatívne v porovnaní s generáciou Y.

Saved in:
Bibliographic Details
Main Author: Klepochová, Dagmar, 1968-
Format: Book Chapter
Language:English
Subjects:
Tags: Add Tag
No Tags, Be the first to tag this record!

MARC

LEADER 00000nla a2200000 4500
001 0245578
005 20240502083654.9
041 0 |a eng 
044 |a CZ 
245 1 0 |a Mobile Health – Attitudes for Using Mobile Applications Designed to Monitor Health. The Study of Consumer Behaviour of Seniors and Generation Y 
520 |a Čiastkové výsledky výskumu zameraného na identifikáciu postojov k používaniu mobilných zariadení pri kontrole zdravotného stavu podľa generácií. Analýza ukazuje, že postoje k mobilnému zdraviu sú v generácii seniorov pomerne neutrálne až negatívne v porovnaní s generáciou Y. 
610 2 0 |a technológie nové 
610 2 0 |a telefón mobilný 
610 2 0 |a aplikácie mobilné 
610 2 0 |a zdravie 
610 2 0 |a postoje 
610 2 0 |a generácie 
100 1 |a Klepochová, Dagmar, 1968-